25 Series & TV Shows by Quote #1 - Statistics

General Stats
  • This quiz has been taken 106 times
  • The average score is 7 of 25
Answer Stats
Hint Answer % Correct
"We were on a break!" Friends
79%
"Friends don't lie." Stranger Things
64%
"That’s what she said!" The Office
63%
"Say my name." Breaking Bad
62%
"Bazinga!" The Big Bang Theory
62%
"Mmm... donuts." The Simpsons
59%
"When you play the ____ __ ______, you win or you die." Game of Thrones
44%
"I’m not here to break you. I’m here to break out." Prison Break
38%
"I’m the Homelander. And I can do whatever the f*ck I want." The Boys
36%
"We all have our secrets, Archie. Some are bigger than others." Riverdale
33%
"I'm not the boss. I'm the middle child. I'm the one in the middle!" Malcolm
28%
"I'm not fat, I'm big-boned!" South Park
21%
"Wubba lubba dub dub!" Rick and Morty
19%
"I’m like King Midas in reverse. Everything I touch turns to sh*t" The Sopranos
13%
"If we can’t live together, we’re gonna die alone." Lost
12%
"I can bring you in warm, or I can bring you in cold." The Mandalorian
10%
"You have failed this city!" Arrow
9%
"Do you want to have sex?" Sex Education
9%
"And with no parents, no money, and no one looking out for me, I got no chance. Unless I make it on my own." Outer Banks
8%
“The universe is big. It’s vast and complicated and ridiculous. And sometimes, very rarely, impossible things just happen and we call them miracles.” Doctor Who
6%
"I don't know how any of this started, but I know one thing. This is a reality I’ve created. And I’m not going to let it go." WandaVision
6%
"I know your generation relied on flowers and father’s permission, but it’s 2019, and unless you’re Amish, nudes are the currency of love. So, stop shaming us." Euphoria
4%
"The only thing more scandalous than a woman's reputation is a woman's lack of one." Bridgerton
2%
"I didn’t kill anybody… at least not lately." Reacher
2%
"I don't know how to save the world, but I know how to break it." The Umbrella Academy
2%
No matching quizzes found
Score Distribution
Percent of People with Each Score
Percentile by Number Answered
Your Score History
You have not taken this quiz